La capitulación ante el comunismo
Uloženo v:
| Hlavní autor: | |
|---|---|
| Médium: | Kniha |
| Jazyk: | španělština |
| Vydáno: |
Santiago
Gabriela Mistral
1975
|
| Témata: | |
| Tagy: |
Přidat tag
Žádné tagy, Buďte první, kdo vytvoří štítek k tomuto záznamu!
|
MARC
| LEADER | 00000nam a2200000 a 4500 | ||
|---|---|---|---|
| 001 | UCZ9088 | ||
| 003 | CL-VaPUC | ||
| 008 | 960301e19750000CL |||||||||||||||||spa|d | ||
| 082 | 0 | 4 | |a 320.532 |b SOL |2 21 |
| 100 | 0 | |a Solzhenitsyn, Alexander Isacvich |e author |9 342633 | |
| 245 | 1 | 3 | |a La capitulación ante el comunismo |
| 300 | |a 75 p | ||
| 942 | |c BK | ||
| 945 | |d 19960301 00:00:00 |a rleighto | ||
| 260 | |a Santiago |b Gabriela Mistral |c 1975 | ||
| 650 | 0 | |a Comunismo |9 255588 | |
| 650 | 7 | |a MARXISMO |2 CL-VaPUC |9 354296 | |
| 583 | |a last modification |c 19960301 00:00:00 |k Rodrigo Vera | ||
| 999 | |c 244675 |d 244673 | ||
| 952 | |0 0 |1 0 |4 0 |6 320_532000000000000_SOL_1975 |7 0 |8 A |9 258832 |a BIBHIS |b BIBHIS |d 2019-11-19 |i 3174018 |o 320.532 SOL 1975 |p 3174018 |r 2025-01-20 |w 2019-11-19 |y BK |k HIS | ||
| 952 | |0 0 |1 0 |4 0 |6 320_532000000000000_SOL_1975 |7 0 |8 A |9 258833 |a BIBHIS |b BIBHIS |d 2019-11-19 |i 4517970 |o 320.532 SOL 1975 |p 4517970 |r 2025-01-20 |w 2019-11-19 |y BK |k HIS | ||